[Event "GER-ch 94th"]
[Site "Ostfildern"]
[Date "2023.08.19"]
[Round "8"]
[White "Wong, Gengchun"]
[Black "Herrmann, Jakob"]
[Result "1-0"]
[WhiteElo "2257"]
[BlackElo "2068"]
[PlyCount "93"]
[EventDate "2023.08.14"]
[EventType "swiss"]
[EventRounds "9"]
[EventCountry "GER"]
[SourceTitle "CBM 215 Extra"]
[Source "ChessBase"]
[SourceDate "2023.09.30"]
[SourceVersion "1"]
[SourceVersionDate "2023.09.30"]
[SourceQuality "1"]

1. d4 Nf6 2. Bf4 g6 3. Nc3 d5 4. e3 a6 5. h4 Bg7 6. Be2 Nbd7 7. h5 c5 8. Qd2 b5 9. h6 Bf8 10. a3 Bb7 11. Nf3 c4 12. Ng5 Qb6 13. Bf3 Rd8 14. Rd1 e6 15. e4 b4 16. axb4 Bxb4 17. e5 Ng8 18. g4 Ne7 19. 0-0 0-0 20. Qe3 Nc8 21. Ne2 Be7 22. Ng3 Bc6 23. Rb1 Ba4 24. Bd1 Rde8 25. Nf3 a5 26. Ra1 Bb5 27. c3 Bc6 28. Ra2 Qd8 29. Bc2 f6 30. exf6 Bxf6 31. Rfa1 Qb6 32. Ne5 Nxe5 33. Bxe5 Bd7 34. Nf1 Re7 35. Bg3 Ref7 36. Nh2 Be7 37. g5 Nd6 38. Ng4 Nf5 39. Bxf5 Rxf5 40. Ne5 Be8 41. Rxa5 Bxg5 42. Qe2 Bxh6 43. Ra6 Qd8 44. Ng4 Bg7 45. Bd6 Bf7 46. Bxf8 Bxf8 47. Nh6+ 1-0

[Event "GER-ch U14"]
[Site "Willingen"]
[Date "2023.06.02"]
[Round "8"]
[White "Noennig, Jakob1111"]
[Black "Herrmann, Jakob"]
[Result "0-1"]
[WhiteElo "1736"]
[BlackElo "2084"]
[PlyCount "132"]
[EventDate "2023.05.27"]
[EventType "swiss"]
[EventRounds "9"]
[EventCountry "GER"]
[SourceTitle "CBM 214 Extra"]
[Source "ChessBase"]
[SourceDate "2023.07.31"]
[SourceVersion "1"]
[SourceVersionDate "2023.07.31"]
[SourceQuality "1"]

1. e4 c5 2. Nf3 d6 3. d4 cxd4 4. Nxd4 Nf6 5. Nc3 g6 6. Be3 Bg7 7. f3 0-0 8. Bc4 Nc6 9. Qd2 Bd7 10. 0-0-0 Rc8 11. Bb3 Nxd4 12. Bxd4 b5 13. Nd5 Nxd5 14. Bxg7 Kxg7 15. exd5 a5 16. a3 b4 17. axb4 axb4 18. Qxb4 Kg8 19. Rhe1 Re8 20. Re3 Rb8 21. Qd4 Qa5 22. Qc3 Qa8 23. Kd2 Rec8 24. Qd4 Qa5+ 25. Ke2 Rb4 26. Qd2 Qb6 27. Kf2 f5 28. g3 f4 29. gxf4 Rxf4 30. Kg3 Rcf8 31. Rf1 Qd8 32. Kg2 Qe8 33. c3 g5 34. Re4 Bh3+ 35. Kxh3 Qh5+ 36. Kg2 Rxe4 37. Bd1 g4 38. f4 Qh3+ 39. Kg1 g3 40. hxg3 Qxg3+ 41. Qg2 Qxg2+ 42. Kxg2 Rfxf4 43. Rxf4 Rxf4 44. Be2 Kf8 45. b4 Ke8 46. Kg3 Rf5 47. c4 Re5 48. Bf3 Kd7 49. c5 dxc5 50. bxc5 e6 51. c6+ Kd6 52. dxe6 Kxe6 53. Kf4 Rc5 54. Kg4 Kf6 55. Kf4 Rc4+ 56. Kg3 Kg5 57. Bg2 h5 58. Kh3 Rc3+ 59. Kh2 Kg4 60. Bd5 Rc2+ 61. Bg2 h4 62. Kg1 Kg3 63. Bf1 Rxc6 64. Bg2 Rc1+ 65. Bf1 h3 66. Kh1 Rxf1# 0-1

[Event "GER-ch U14"]
[Site "Willingen"]
[Date "2023.05.29"]
[Round "3"]
[White "Grabs, Peter"]
[Black "Herrmann, Jakob"]
[Result "0-1"]
[WhiteElo "1552"]
[BlackElo "2084"]
[PlyCount "94"]
[EventDate "2023.05.27"]
[EventType "swiss"]
[EventRounds "9"]
[EventCountry "GER"]
[SourceTitle "CBM 214 Extra"]
[Source "ChessBase"]
[SourceDate "2023.07.31"]
[SourceVersion "1"]
[SourceVersionDate "2023.07.31"]
[SourceQuality "1"]

1. e4 c6 2. Nf3 d5 3. exd5 cxd5 4. Ne5 Nc6 5. d4 a6 6. c3 Bf5 7. Bd3 Bxd3 8. Qxd3 Nf6 9. 0-0 e6 10. Bg5 Be7 11. Nd2 0-0 12. Bxf6 gxf6 13. Nxc6 bxc6 14. f4 Kh8 15. Rf3 Rg8 16. Re1 Qc7 17. Rh3 Rg7 18. Rf1 Rag8 19. Kh1 Bd6 20. g3 a5 21. f5 e5 22. dxe5 fxe5 23. f6 Rg6 24. Rf5 Bf8 25. Qe3 h6 26. Nf3 e4 27. Ne5 Kh7 28. Nxg6 Rxg6 29. Rh4 Qd7 30. Rhf4 Bd6 31. Rf1 Qe6 32. Qd4 e3 33. R5f3 e2 34. Re1 Bxg3 35. hxg3 Qh3+ 36. Kg1 Rxg3+ 37. Kf2 Qg2+ 38. Ke3 Qxf3+ 39. Kd2 Rg2 40. Qe5 Kg6 41. Qc7 Qxf6 42. Qxa5 Qf4+ 43. Kd3 Qf1 44. c4 Rg1 45. Rxe2 dxc4+ 46. Ke3 Rg3+ 47. Kd2 Rd3+ 0-1

[Event "Sachsen-Anhalt-ch op"]
[Site "Magdeburg"]
[Date "2022.10.31"]
[Round "5"]
[White "Herrmann, Jakob"]
[Black "Pham, Jacky"]
[Result "1-0"]
[WhiteElo "1788"]
[BlackElo "1201"]
[PlyCount "91"]
[EventDate "2022.10.29"]
[EventType "swiss"]
[EventRounds "7"]
[EventCountry "GER"]
[SourceTitle "CBM 211 Extra"]
[Source "ChessBase"]
[SourceDate "2023.01.31"]
[SourceVersion "1"]
[SourceVersionDate "2023.01.31"]
[SourceQuality "1"]

1. e4 e6 2. d4 d5 3. Nc3 Nf6 4. Bg5 h6 5. Bxf6 gxf6 6. exd5 exd5 7. Qf3 Be6 8. Bd3 Nc6 9. Nge2 a6 10. a3 Qd7 11. Qxf6 Rg8 12. Rg1 Be7 13. Qf3 Bg5 14. g3 0-0-0 15. h4 Bg4 16. Qxd5 Qxd5 17. Nxd5 Bxe2 18. Bxe2 Nxd4 19. Rd1 Rxd5 20. hxg5 Re8 21. Kf1 Rxe2 22. Rxd4 Rxd4 23. Kxe2 hxg5 24. Ke3 Rd6 25. Rh1 Kd7 26. Rh5 Rc6 27. c3 Rc5 28. Kd4 Rf5 29. f4 f6 30. Ke4 Rb5 31. fxg5 fxg5 32. b4 Ke6 33. Rh6+ Ke7 34. c4 Rb6 35. Rxb6 cxb6 36. Kf5 g4 37. Kxg4 Ke6 38. Kh5 Ke5 39. g4 Kf6 40. Kh6 Kf7 41. g5 Kg8 42. Kg6 Kf8 43. Kh7 a5 44. g6 a4 45. g7+ Ke7 46. g8Q 1-0

[Event "GER-chT Lands U20"]
[Site "Wiesbaden"]
[Date "2022.10.04"]
[Round "7.6"]
[White "Kocharin, Timur"]
[Black "Herrmann, Jakob"]
[Result "1-0"]
[WhiteElo "1971"]
[BlackElo "1888"]
[PlyCount "151"]
[EventDate "2022.09.30"]
[EventType "team-swiss"]
[EventRounds "7"]
[EventCountry "GER"]
[SourceTitle "CBM 210 Extra"]
[Source "ChessBase"]
[SourceDate "2022.11.30"]
[SourceVersion "1"]
[SourceVersionDate "2022.11.30"]
[SourceQuality "1"]
[WhiteTeam "Wuerttemberg U20"]
[BlackTeam "Mecklenburg Vorpommern U20"]
[WhiteTeamCountry "GER"]
[BlackTeamCountry "GER"]

1. e4 c5 2. Nf3 d6 3. d4 cxd4 4. Nxd4 Nf6 5. Nc3 g6 6. Be3 Bg7 7. f3 0-0 8. Qd2 Nc6 9. 0-0-0 d5 10. exd5 Nxd5 11. Nxc6 bxc6 12. Bd4 e5 13. Bc5 Be6 14. h4 Rb8 15. Ne4 Re8 16. c4 Nf6 17. Qxd8 Rexd8 18. Rxd8+ Rxd8 19. Be7 Nxe4 20. Bxd8 Ng3 21. Rg1 e4 22. Bc7 Nxf1 23. Rxf1 exf3 24. Rxf3 Bxc4 25. b3 Bd5 26. Rf2 f5 27. Kd2 Bd4 28. Re2 Be4 29. Bf4 a6 30. g3 Kf7 31. Re1 Ke6 32. Rc1 Kd5 33. Rc4 Bb1 34. Ra4 Kc5 35. Rxa6 Kb5 36. Ra8 c5 37. Ra7 h5 38. a4+ Kb6 39. Re7 Ka5 40. Rb7 Be4 41. Rb5+ Ka6 42. Rb8 Bd5 43. b4 cxb4 44. Rxb4 Bb6 45. Kd3 Bf7 46. Rb1 Be8 47. Re1 Bxa4 48. Re6 Kb7 49. Rxg6 Bd1 50. Kc4 Be2+ 51. Kd5 Bf3+ 52. Ke6 Bg4 53. Rxg4 fxg4 54. Kf5 Kc8 55. Kg5 Kd7 56. Kxh5 Ke8 57. Kxg4 Kf7 58. Kf5 Kg7 59. h5 Bc5 60. g4 Kh7 61. g5 Be7 62. h6 Bf8 63. g6+ Kg8 64. h7+ Kh8 65. Be5+ Bg7 66. Bxg7+ Kxg7 67. Ke4 Kh8 68. Kd4 Kg7 69. Kd5 Kh8 70. Kd6 Kg7 71. Kd7 Kh8 72. Kd8 Kg7 73. Ke7 Kh8 74. Ke6 Kg7 75. h8Q+ Kxh8 76. Kf6 1-0

[Event "GER-ch U12"]
[Site "Willingen"]
[Date "2022.06.09"]
[Round "7"]
[White "Herrmann, Jakob"]
[Black "Hellenbroich, Hanno"]
[Result "1-0"]
[WhiteElo "1803"]
[BlackElo "1274"]
[PlyCount "113"]
[EventDate "2022.06.04"]
[EventType "swiss"]
[EventRounds "9"]
[EventCountry "GER"]
[SourceTitle "CBM 208 Extra"]
[Source "ChessBase"]
[SourceDate "2022.07.31"]
[SourceVersion "1"]
[SourceVersionDate "2022.07.31"]
[SourceQuality "1"]

1. e4 c5 2. Ne2 Nf6 3. Nbc3 d5 4. exd5 Nxd5 5. g3 Bg4 6. Bg2 Nxc3 7. bxc3 Nc6 8. h3 Be6 9. Ba3 Bd5 10. Nf4 Bxg2 11. Nxg2 Qd5 12. 0-0 e5 13. Re1 Be7 14. Ne3 Qd7 15. Qg4 0-0-0 16. d3 h5 17. Qxd7+ Rxd7 18. Nc4 f6 19. Rab1 g5 20. Kg2 b6 21. Ne3 g4 22. hxg4 hxg4 23. Nxg4 f5 24. Nxe5 Nxe5 25. Rxe5 f4 26. Rbe1 Kd8 27. d4 Bd6 28. Rd5 fxg3 29. fxg3 Rg8 30. Re3 cxd4 31. cxd4 Bf4 32. Rxd7+ Kxd7 33. Rf3 Bb8 34. Bc1 Rc8 35. c3 Rc4 36. g4 b5 37. Bb2 Ra4 38. a3 Bd6 39. g5 Rc4 40. Rf5 a6 41. Kf2 Ke6 42. Rf6+ Ke7 43. Ke2 Rc8 44. Kf3 a5 45. Ke4 b4 46. axb4 axb4 47. Kd5 bxc3 48. Bxc3 Ba3 49. Ba5 Rg8 50. Bd2 Rd8+ 51. Ke5 Bd6+ 52. Rxd6 Rb8 53. g6 Rb5+ 54. d5 Rb2 55. Bg5+ Kf8 56. Bf6 Re2+ 57. Kd4 1-0

[Event "GER-ch U12"]
[Site "Willingen"]
[Date "2022.06.08"]
[Round "6"]
[White "Goldkuhle, Collin"]
[Black "Herrmann, Jakob"]
[Result "1/2-1/2"]
[WhiteElo "1323"]
[BlackElo "1803"]
[PlyCount "65"]
[EventDate "2022.06.04"]
[EventType "swiss"]
[EventRounds "9"]
[EventCountry "GER"]
[SourceTitle "CBM 208 Extra"]
[Source "ChessBase"]
[SourceDate "2022.07.31"]
[SourceVersion "1"]
[SourceVersionDate "2022.07.31"]
[SourceQuality "1"]

1. e4 c6 2. d4 d5 3. Nd2 dxe4 4. Nxe4 Nd7 5. Nf3 Ngf6 6. Ng3 e6 7. Bd3 Bd6 8. Qe2 0-0 9. Bg5 Qa5+ 10. c3 Re8 11. 0-0 Qc7 12. Ne4 Nxe4 13. Qxe4 Nf8 14. Rfe1 b6 15. Qe2 Bb7 16. Rad1 h6 17. Be3 Rac8 18. Nd2 Bxh2+ 19. Kf1 Bf4 20. Nc4 Bxe3 21. fxe3 c5 22. dxc5 Qxc5 23. Nd6 Qc7 24. Nxe8 Rxe8 25. Qf2 Rd8 26. Rd2 Rxd3 27. Rxd3 Ba6 28. Qd2 Qc4 29. Rd1 Qxa2 30. Qc2 Bxd3+ 31. Rxd3 Qc4 32. Kf2 Qh4+ 33. Kf1 1/2-1/2

[Event "Mecklenburg VP LL2 Ost 2122"]
[Site "Mecklenburg VP"]
[Date "2022.04.03"]
[Round "8.3"]
[White "Herrmann, Jakob"]
[Black "Wilkenloh, Johannes"]
[Result "1/2-1/2"]
[WhiteElo "1538"]
[BlackElo "1574"]
[PlyCount "150"]
[EventDate "2021.10.24"]
[EventType "team-tourn"]
[EventRounds "9"]
[EventCountry "GER"]
[SourceTitle "EXT 2024"]
[Source "ChessBase"]
[SourceDate "2023.10.10"]
[SourceVersion "1"]
[SourceVersionDate "2023.10.10"]
[SourceQuality "1"]
[WhiteTeam "Torgelow Droegeheide II"]
[BlackTeam "Ribnitz Damgarten"]
[WhiteTeamCountry "GER"]
[BlackTeamCountry "GER"]

1. e4 d5 2. exd5 Nf6 3. d4 Nxd5 4. Nf3 g6 5. Be2 Bg4 6. 0-0 Bg7 7. h3 Bxf3 8. Bxf3 c6 9. Nc3 0-0 10. Re1 e6 11. Ne4 Nd7 12. Bg5 Qb6 13. c3 Qxb2 14. Re2 Qb6 15. Qd3 e5 16. Rb1 Qc7 17. Reb2 Rab8 18. c4 N5f6 19. Nxf6+ Nxf6 20. dxe5 Nd7 21. Qd6 Qxd6 22. exd6 Bxb2 23. Rxb2 f6 24. Be3 Nb6 25. Bxb6 axb6 26. Rxb6 Kf7 27. c5 Ke6 28. Kf1 Ke5 29. Rb4 f5 30. Ke2 b6 31. cxb6 Kxd6 32. Kd3 Kc5 33. Rc4+ Kxb6 34. Rxc6+ Kb5 35. Ke2 Ra8 36. Rc2 Ra3 37. Bd5 Re8+ 38. Kf1 Rd8 39. Bb3 Ra7 40. g3 f4 41. g4 g5 42. Kg2 Re7 43. Rc1 h6 44. h4 Rd6 45. h5 Kb4 46. Rc4+ Ka3 47. Rc2 Re5 48. Kf3 Re1 49. Rc3 Rd2 50. Bc4+ Kb4 51. Rd3 Rb2 52. Rb3+ Rxb3+ 53. axb3 Re5 54. Bf7 Kc3 55. Bc4 Re7 56. Bd5 Kd4 57. Bg8 Re1 58. Kg2 Ke4 59. Bh7+ Kd4 60. Bg8 Kd3 61. Bf7 Rd1 62. Bg8 Ke2 63. Bc4+ Ke1 64. f3 Rd2+ 65. Kg1 Rf2 66. Bd5 Ke2 67. b4 Ke3 68. b5 Rb2 69. Bc6 Kd4 70. Kf1 Kc5 71. Ke1 Rxb5 72. Bxb5 Kxb5 73. Kd1 Kc5 74. Kc1 Kb4 75. Kb2 Kc4 1/2-1/2

[Event "GER-chT U12"]
[Site "Magdeburg"]
[Date "2021.08.08"]
[Round "7.6"]
[White "Herrmann, Jakob"]
[Black "Udelnov, Valentin"]
[Result "1/2-1/2"]
[WhiteElo "1531"]
[BlackElo "1728"]
[PlyCount "80"]
[EventDate "2021.08.04"]
[EventType "team-swiss"]
[EventRounds "7"]
[EventCountry "GER"]
[SourceTitle "EXT 2022"]
[Source "ChessBase"]
[SourceDate "2021.10.06"]
[SourceVersion "1"]
[SourceVersionDate "2021.10.06"]
[SourceQuality "1"]
[WhiteTeam "Torgelow Droegeheide"]
[BlackTeam "Magdeburg Schachzwerge"]
[WhiteTeamCountry "GER"]
[BlackTeamCountry "GER"]

1. e4 e5 2. Nf3 Nc6 3. d4 exd4 4. Nxd4 Nf6 5. Nxc6 bxc6 6. e5 Qe7 7. Qe2 Nd5 8. c4 Nb6 9. Nc3 a5 10. Qe4 g6 11. Bd3 Bg7 12. Bf4 0-0 13. 0-0 Ba6 14. Rad1 Qb4 15. Qe2 Nxc4 16. b3 Nb2 17. Qxb2 Bxd3 18. Rxd3 Qxf4 19. Ne2 Qxe5 20. Qxe5 Bxe5 21. Rxd7 Rad8 22. Rfd1 Bd6 23. Rxd8 Rxd8 24. Kf1 Ra8 25. Nc3 Bb4 26. Rd3 f5 27. Ke2 Re8+ 28. Kd2 Kf7 29. Rd7+ Re7 30. Rxe7+ Kxe7 31. Kd3 Kd6 32. Ne2 c5 33. h3 c6 34. f3 g5 35. Ng1 Kd5 36. Ne2 Ke5 37. Ng3 h6 38. Ne2 f4 39. Nc3 Bxc3 40. Kxc3 Kd5 1/2-1/2

[Event "GER-chT U12"]
[Site "Magdeburg"]
[Date "2021.08.06"]
[Round "3.5"]
[White "Schwan, Aaron"]
[Black "Herrmann, Jakob"]
[Result "1/2-1/2"]
[WhiteElo "1532"]
[BlackElo "1531"]
[PlyCount "82"]
[EventDate "2021.08.04"]
[EventType "team-swiss"]
[EventRounds "7"]
[EventCountry "GER"]
[SourceTitle "EXT 2022"]
[Source "ChessBase"]
[SourceDate "2021.10.06"]
[SourceVersion "1"]
[SourceVersionDate "2021.10.06"]
[SourceQuality "1"]
[WhiteTeam "Muenchen Tarrasch"]
[BlackTeam "Torgelow Droegeheide"]
[WhiteTeamCountry "GER"]
[BlackTeamCountry "GER"]

1. e4 c5 2. d4 cxd4 3. c3 dxc3 4. Nxc3 Nc6 5. Bc4 e6 6. Nf3 a6 7. 0-0 Nge7 8. Bg5 f6 9. Be3 Ng6 10. Bb3 b5 11. Nd5 exd5 12. exd5 Na5 13. d6 Nxb3 14. axb3 Bb7 15. Re1 Be7 16. dxe7 Qc7 17. Rc1 Bc6 18. Nd4 Qd6 19. Qh5 Qd5 20. Qxd5 Bxd5 21. Nf5 Be6 22. Nxg7+ Kxe7 23. Nxe6 dxe6 24. Rc7+ Kd6 25. Rec1 Ne7 26. Rb7 Rhc8 27. Rd1+ Nd5 28. Rxh7 Rc2 29. Bd4 e5 30. Bc3 Ke6 31. g4 Rg8 32. h3 b4 33. Be1 Rxb2 34. Ra7 Ra2 35. Kh2 Rh8 36. Kg3 Nf4 37. h4 Ne2+ 38. Kh3 Nf4+ 39. Kg3 Ne2+ 40. Kh3 Nf4+ 41. Kg3 Ne2+ 1/2-1/2